000 01128nam a2200325Ic 4500
001 59120
003 CO-BoRNBP
005 20250910220155.0
007 ta
008 180815s2017 sp o g 000 0 spa
020 _a9788499215457
040 _aCO-BoRNBP
_bspa
_erda
_cCO-BoRNBP
041 _aspa
082 0 4 _a465
_bC17t
100 _aCarratalá Teruel, Fernando
_eaut
_964828
245 1 0 _aTaller de textos descriptivos /
_cCarratalá Teruel Fernando.
250 _aPrimera edición
264 1 _aBarcelona, España :
_bOctaedro,
_c2017
300 _a119 páginas :
_bilustraciones, fotografías en blanco y negro
336 _atexto
_btxt
_2rdacontent
337 _asin mediación
_bn
_2rdamedia
338 _avolumen
_bnc
_2rdacarrier
490 0 _aTalleres
500 _aIncluye datos biográficos del autor en la contracarátula
500 _aIncluye glosario y referencias culturales al final del texto
650 0 7 _aComprensión de lectura
_xEnseñanza
_2lemb
_964829
650 0 7 _aEspañol
_xComposición
_xEnseñanza
_2LEMB
_964830
650 0 7 _aEspañol
_xGramática
_xEnseñanza
_2LEMB
_964831
942 _2ddc
_cBK
999 _c59120
_d59120